<?xml version="1.0" encoding="UTF-8"?>
<record
    xmlns:xsi="http://www.w3.org/2001/XMLSchema-instance"
    xsi:schemaLocation="http://www.loc.gov/MARC21/slim http://www.loc.gov/standards/marcxml/schema/MARC21slim.xsd"
    xmlns="http://www.loc.gov/MARC21/slim">

  <leader>00376nam a2200133Ia 4500</leader>
  <controlfield tag="005">20260212182545.0</controlfield>
  <controlfield tag="008">260212s9999    xx            000 0 und d</controlfield>
  <datafield tag="020" ind1=" " ind2=" ">
    <subfield code="a">0786890053 (mass market paperback) | 9780786890057 (mass market paperback)</subfield>
  </datafield>
  <datafield tag="082" ind1=" " ind2=" ">
    <subfield code="a">823 WAL</subfield>
  </datafield>
  <datafield tag="100" ind1=" " ind2=" ">
    <subfield code="a">Wallace, Randall.</subfield>
  </datafield>
  <datafield tag="245" ind1=" " ind2="0">
    <subfield code="a">Pearl harbor</subfield>
  </datafield>
  <datafield tag="260" ind1=" " ind2=" ">
    <subfield code="b">Penguin Books</subfield>
    <subfield code="a">London</subfield>
    <subfield code="c">2001</subfield>
  </datafield>
  <datafield tag="942" ind1=" " ind2=" ">
    <subfield code="c">BK</subfield>
  </datafield>
  <datafield tag="999" ind1=" " ind2=" ">
    <subfield code="c">8633</subfield>
    <subfield code="d">8633</subfield>
  </datafield>
  <datafield tag="952" ind1=" " ind2=" ">
    <subfield code="0">3</subfield>
    <subfield code="1">0</subfield>
    <subfield code="4">0</subfield>
    <subfield code="7">0</subfield>
    <subfield code="a">AUI</subfield>
    <subfield code="b">AUI</subfield>
    <subfield code="d">2015-05-22</subfield>
    <subfield code="e">Sethi Books</subfield>
    <subfield code="i">18 cm.</subfield>
    <subfield code="o">823 WAL</subfield>
    <subfield code="p">P2750</subfield>
    <subfield code="y">BK</subfield>
    <subfield code="z">Write off in 2018 IBD/AU/231/10/LIB M-14</subfield>
  </datafield>
</record>
